ARRUPE JESUIT UNIVERSITY

CORONAVIRUS -STOP THE SPREAD - CLEAN,DISINFECT,COVER

Heidegger for beginners (Record no. 9495)

MARC details
000 -LEADER
fixed length control field 00551nam a2200217Ia 4500
003 - CONTROL NUMBER IDENTIFIER
control field 0100
005 - DATE AND TIME OF LATEST TRANSACTION
control field 20150914121338.0
008 - FIXED-LENGTH DATA ELEMENTS--GENERAL INFORMATION
fixed length control field 130303s9999 xx 000 0 und d
020 ## - INTERNATIONAL STANDARD BOOK NUMBER
International Standard Book Number 0863161723
040 ## - CATALOGING SOURCE
Transcribing agency ARRUPELIB
050 ## - LIBRARY OF CONGRESS CALL NUMBER
Classification number B3279.H49L455 1994
300 ## - PHYSICAL DESCRIPTION
Other physical details 23cm.
100 ## - MAIN ENTRY--PERSONAL NAME
Personal name Lemay, Eric
9 (RLIN) 19880
245 ## - TITLE STATEMENT
Title Heidegger for beginners
260 ## - PUBLICATION, DISTRIBUTION, ETC. (IMPRINT)
Place of publication, distribution, etc New York
260 ## - PUBLICATION, DISTRIBUTION, ETC. (IMPRINT)
Name of publisher, distributor, etc Writers and Readers Publishing
300 ## - PHYSICAL DESCRIPTION
Extent 120p.
650 ## - SUBJECT ADDED ENTRY--TOPICAL TERM
Topical term or geographic name as entry element Heidegger, Martin
9 (RLIN) 19881
700 ## - ADDED ENTRY--PERSONAL NAME
Personal name Pitts, Jennifer A
9 (RLIN) 19882
942 00 - ADDED ENTRY ELEMENTS (KOHA)
Koha issues (borrowed), all copies 5
Source of classification or shelving scheme Library of Congress Classification
Koha item type Monograph ( Printed materials)
Holdings
Withdrawn status Lost status Source of classification or shelving scheme Damaged status Not for loan Collection code Home library Current library Shelving location Date acquired Total Checkouts Full call number Barcode Date last seen Date checked out Copy number Price effective from Koha item type Checked out
    Library of Congress Classification     Main Collection ARRUPE LIBRARY ARRUPE LIBRARY Main Collection 04/03/2013 7 B3279.H49L455 1994 46003012709 13/11/2024 05/11/2024 1 04/03/2013 Monograph ( Printed materials)  
    Library of Congress Classification     Main Collection ARRUPE LIBRARY ARRUPE LIBRARY Main Collection 27/08/2015 18 B3279.H49L455 1994 46500004348 21/11/2025 21/11/2025   27/08/2015 Monograph ( Printed materials) 05/12/2025

 

Arrupe Library. PO Box MP320 Mt Pleasant, Harare, Zimbabwe
263 242 745411|librarian@aju.ac.zw